Dates importantes L1 - Statistiques

Statistiques générales
  • Ce quiz a été pris 24 fois
  • Le résultat moyen est 15 sur 92
Statistiques - réponses
Hint Réponse % Correct
création de la SDN 1919
67%
création de l'ONU 1946
67%
mort de Franco 1975
58%
traité de westphalie 1648
50%
guerre civile espagnol (début-fin) 1936-1939
50%
Premier choc pétrolier 1973
50%
traité de Maastricht 1992
50%
arrivée de Trump et sortie de ces accords 2017
50%
guerre de trente ans 1618-1648
42%
New deal 1932
42%
Guerre d'Algérie (début-fin) 1954-1962
42%
traité de Rome 1957
42%
Cinquième république française (début) 1958
42%
crise de cuba 1962
42%
mort de Mao 1976
42%
guerre en irak 2003
42%
Mort de muhammad 632
42%
Deuxième république française (début-fin) 1848-1852
33%
Troisième république française (début-fin) 1870-1940
33%
Quatrième République française (début-fin) 1946-1958
33%
Crise de suez 1956
33%
Constitution Ve république 1958
33%
Guerre du Kippour 1973
33%
COP 21; accords de Paris 2015
33%
Hégide (création de l'Islam) 622
33%
Première constitution 1791
25%
Première république française (début-fin) 1792-1804
25%
Grande dépression 1930
25%
PCC au pouvoir en Chine 1949
25%
Création de l'OTAN 1949
25%
Watergate 1972
25%
Révolution des oeillets 1974
25%
Première croisade (Urbain II) (début-fin) 1095-1099
17%
Doctrine Truman 1947
17%
Guerre de Corée (début-fin) 1950-1953
17%
traité de Paris (CECA) 1951
17%
Révolte de Khomeini 1979
17%
Intervention soviétique en Afghanistan (début-fin) 1979-1989
17%
Guerre iran irak (début-fin) 1980-1988
17%
Guerre du golfe (début-fin) 1990-1991
17%
Sixième dissolution de l'assemblée 2024
17%
Lois fascistissimes 1925
8%
Guerre d'Indochine (début-fin) 1946-1954
8%
Guerre du Vietnam (début-fin) (pas 1964) 1955-1975
8%
Création de l'OPEP 1960
8%
Révolution des généraux en Grèce 1974
8%
Création du G7 1976
8%
accords de schengen 1985
8%
Guerre d'Afghanistan (début-fin) 2001-2021
8%
Guerre civile syrienne (début) 2011-
8%
Croisades de Saint-Louis 1147-1270
0%
reprise pacifique de Jérusalem 1229
0%
Conflit entre Boniface VII et Phillipe IV le Bel 1302
0%
Captivité d'Avignon (début-fin) 1309-1377
0%
Concilie de Constance (début-fin) 1414-1418
0%
Première mondialisation 1492
0%
Conférence de Belgrade (Tiers monde) 1961
0%
Référendum suffrage universel français 1962
0%
Première dissolution de l'assemblée 1962
0%
Offensive du Têt 1968
0%
Deuxième dissolution de l'assemblée 1968
0%
Deuxième mondialisation 1971
0%
Entrée de la chine à l'international 1978
0%
Révolution au Nicaragua (contras) 1979
0%
Accords Salt 2 1979
0%
Troisième dissolution de l'assemblée 1981
0%
Première cohabitation (début-fin) Mitterand/Chirac 1986-1988
0%
Quatrième dissolution de l'assemblée 1988
0%
Accords Start 1991
0%
Guerre de Yougoslavie (Début-fin) 1991-1998
0%
Deuxième cohabitation (début-fin) Mitterand/Balladur 1993-1995
0%
Cinquième dissolution de l'assemblée 1997
0%
Troisième cohabitation (début-fin), Chirac/Jospin 1997-2002
0%
Conflit du Darfour (début-fin) 2003-2020
0%
Conflit israelo-libanais (année) 2006
0%
guerre civile lydienne (début-fin) 2011-2020
0%
Guerre du Yemen (début) 2014
0%
Conflit au Soudan (début) 2023
0%
Edit de Caracalla 212
0%
Assassinat de JFK 22 novembre 1963
0%
Guerres puniques 246-146 avant J.C.
0%
Jeudi noir 29 octobre 1928
0%
Incident du tonkin (début de la guerre du Vietnam) 2 août 1964
0%
Guerre des Six Jours (début-fon) 5-10 juin 1967
0%
Prise de La Mecque 630
0%
Première guerre civile romaine 90 avant J.C.
0%
Christianisation de l'empire romain (Constantin) IIIe siècle
0%
Guerres Samnites IIIe siècle avant J.C.
0%
Défait de Dien Bien Phu (mois-année) mai 1954
0%
Invasion des Sudètes (mois-année) octobre 1934
0%
Expédition de Sicile Ve siècle avant J.C.
0%
Reconquista (siècle) XVe siècle
0%
Aucun quiz correspondant
Distribution des résultats
% des personnes avec chaque résultat
Percentile par nombre de réponses
Votre historique - résultats
Vous n’avez pas pris ce quiz